Datum a čas kvízu
36.5
Celkem bodů
Celkový počet nahraných bodů na tomto kvízu bez doplňovacích otázek.
6.
Pořadí na kvízu
Konečné umístění týmu na tomto kvízu.
Zaznamenané odpovědi
| # | Otázka | Odpověď | Body | Výsledky |
|---|---|---|---|---|
| 1. | Který z bývalých českých premi... | Jiří Paroubek | 0 | |
| 2. | Minulý týden byl zveřejněn žeb... | Karlův most | 1 | |
| 3. | Česká herečka a zpěvačka Eva B... | Tristan William | 1 | |
| 4. | Společnost Slovalco se sídlem... | hliník | 0 | |
| 5. | Adam Ondra vybojoval na mistro... | Německo, Mnichov | 1 | |
| 6. | V tomto tématu se budeme věnov... | Otradovic | 1 | |
| 7. | Přiřaďte následující skladatel... | 1B 2D 3C 4A | 1 | |
| 8. | Po přistání na povrchu Měsíce... | Antonín Dvořák, Symfonie č. 9 | 1 | |
| 9. | Tento muž byl hercem, písničká... | Karel Hašler | 1 | |
| 10. | V roce 2022 uvedla Akademie po... | Jaroslav Uhlíř | 1 |